Integral Calculus for (Record no. 478453)

000 -LEADER
fixed length control field 00472nam a22001817a 4500
003 - CONTROL NUMBER IDENTIFIER
control field NUST
005 - DATE AND TIME OF LATEST TRANSACTION
control field 20180531045827.0
008 - FIXED-LENGTH DATA ELEMENTS--GENERAL INFORMATION
fixed length control field 180531b ||||| |||| 00| 0 eng d
020 ## - INTERNATIONAL STANDARD BOOK NUMBER
International Standard Book Number 9781259064197
038 ## - RECORD CONTENT LICENSOR
Staff Name SNS Library
082 ## - DEWEY DECIMAL CLASSIFICATION NUMBER
Classification number 515.4
100 ## - MAIN ENTRY--PERSONAL NAME
Personal name Vinay Kumar
9 (RLIN) 10662
245 ## - TITLE STATEMENT
Title Integral Calculus for
Remainder of title Jee Main & Advanced
250 ## - EDITION STATEMENT
Edition statement 2nd Ed.
260 ## - PUBLICATION, DISTRIBUTION, ETC.
Place of publication, distribution, etc. New Delhi
Name of publisher, distributor, etc. Mc Graw Hill Education India
Date of publication, distribution, etc. 2013
300 ## - PHYSICAL DESCRIPTION
Extent 499 p.
Other physical details Pb.
942 ## - ADDED ENTRY ELEMENTS (KOHA)
Source of classification or shelving scheme
Koha item type Book
Holdings
Withdrawn status Lost status Source of classification or shelving scheme Damaged status Not for loan Permanent Location Current Location Date acquired Total Checkouts Full call number Barcode Date last seen Price effective from Koha item type
          School of Natural Sciences (SNS) School of Natural Sciences (SNS) 05/31/2018   515.4 SNS0002252 05/31/2018 05/31/2018 Book
© 2023 Central Library, National University of Sciences and Technology. All Rights Reserved.